| 000 | 01435cam a2200289 i 4500 | ||
|---|---|---|---|
| 001 | 1304329 | ||
| 005 | 20210414114131.0 | ||
| 008 | 770701t19781977ne a b 001 0 eng | ||
| 010 | _a 77023894 | ||
| 020 | _a0444850325 | ||
| 040 |
_aDLC _cDLC _dDLC |
||
| 041 | 1 | _aengjpn | |
| 050 | 0 | 0 | _aHG221.N2513 |
| 082 | 0 | 0 | _a332.4/01 |
| 100 | 1 |
_aNagatani, Keizō, _d1937- |
|
| 240 | 1 | 0 |
_aKahei keizai no riron. _lEnglish |
| 245 | 1 | 0 |
_aMonetary theory. / _cKeizo Nagatani. |
| 260 |
_aAmsterdam ; _aNew York : _bNorth-Holland Pub. Co. ; _aNew York : _bsole distributors for the U.S.A. and Canada, Elsevier North-Holland, _c1978. |
||
| 300 |
_ax, 299 p. : _bill. ; _c23 cm. |
||
| 490 | 0 | _aAdvanced textbooks in economics ; v. 10 | |
| 500 | _aTranslation of Kahei keizai no riron. | ||
| 504 | _aIncludes bibliographies and indexes. | ||
| 505 | _aContents: The Direct utility approach -- The Risk-return approach -- The Expected utility approach -- The Transations cost approach money and general equilibrium theory -- The Origin and the evolution of money -- On market adjustments -- Money and intertemporal resource allocation -- Temporary equilibrium and expectations -- The Quantity theory of money -- Keynes' theory -- Money and growth: an introduction to the theory of dynamic aggregative behaviour -- On the theory of monetary policy. | ||
| 650 | 0 | _aMoney. | |
| 906 |
_a7 _bcbc _corignew _d1 _eocip _f19 _gy-gencatlg |
||
| 942 |
_2lcc _cBK |
||
| 999 |
_c2188 _d9688 |
||